Сб. 35; Книга. Исследования и материалы; 60 лет советской книги; Ленинские принципы книгоиздания; 60 лет научного книгоиздательства и пути повышения его эффективности; Система государственной библиографии и задачи ее совершенствования; Научно-исследовательская работа Всесоюзной книжной палаты в области издательского дела и отраслевой системы научно-технической информации; Организация массового чтения: успехи и перспективы; Историография советской книги; Основные тенденции развития книжного дела в СССР в послевоенный период; Красноармейская книга в годы гражданской войны; Книгоиздательское дело комсомола (1921-1923 гг.); Становление государственной системы книгоиздания на Дальнем Востоке; Издание литературы о передовом производственно-техническом опыте в годы первых пятилеток; Указатель статей, опубликованных в 31-35 сборниках "Книга. исследования и материалы"; Книговедение. Указатель литературы за 1975 г.
| Parent link: | Книга. Исследования и материалы=The Book. Researches and Materials: сборник/ Всесоюзная книжная палата (ВКП). Сб. 35.— , 1959-2005 |
|---|---|
| Sprog: | russisk |
| Udgivet: |
1977
|
| TOC: | Н. М. Сикорский, 60 лет советской книги; Р. Г. Абдуллин, Ленинские принципы книгоиздания; Е. С. Лихтенштейн, 60 лет научного книгоиздательства и пути повышения его эффективности; Ю. И. Фартунин, Система государственной библиографии и задачи ее совершенствования; И. М. Монастырский, Научно-исследовательская работа Всесоюзной книжной палаты в области издательского дела и отраслевой системы научно-технической информации; сост. Ю. М. Тугов, Организация массового чтения: успехи и перспективы; Е. Л. Немировский, Историография советской книги; И. Е. Баренбаум, Основные тенденции развития книжного дела в СССР в послевоенный период; А. А. Сбитнева, Красноармейская книга в годы гражданской войны; В. А. Андреев-Станкевич, Книгоиздательское дело комсомола (1921-1923 гг.); Н. И. Кудинова, С. А. Пайчадзе, Т. И. Садохина, Становление государственной системы книгоиздания на Дальнем Востоке; М. М. Гаккель, Издание литературы о передовом производственно-техническом опыте в годы первых пятилеток; Указатель статей, опубликованных в 31-35 сборниках "Книга. исследования и материалы"; Л. И. Фурсенко, Книговедение. Указатель литературы за 1975 г.; |
| Fag: | |
| Format: | Bog |
| KOHA link: | https://koha.lib.tpu.ru/cgi-bin/koha/opac-detail.pl?biblionumber=127122 |
MARC
| LEADER | 00000nam2a2200000 4500 | ||
|---|---|---|---|
| 001 | 127122 | ||
| 005 | 20231101220033.0 | ||
| 035 | |a (RuTPU)RU\TPU\book\137506 | ||
| 035 | |a RU\TPU\book\137491 | ||
| 090 | |a 127122 | ||
| 100 | |a 20071210d1977 k y0rusy50 ca | ||
| 101 | 0 | |a rus | |
| 102 | |a RU | ||
| 105 | |a a z 000zd | ||
| 200 | 0 | |a Сб. 35 | |
| 210 | |d 1977 | ||
| 215 | |a 240 с. |c ил. | ||
| 461 | 1 | |0 (RuTPU)RU\TPU\book\62606 |t Книга. Исследования и материалы |l The Book. Researches and Materials |o сборник |f Всесоюзная книжная палата (ВКП) |v Сб. 35 |d 1959-2005 | |
| 464 | |t 60 лет советской книги |f Н. М. Сикорский | ||
| 464 | |t Ленинские принципы книгоиздания |f Р. Г. Абдуллин | ||
| 464 | |t 60 лет научного книгоиздательства и пути повышения его эффективности |f Е. С. Лихтенштейн | ||
| 464 | |t Система государственной библиографии и задачи ее совершенствования |f Ю. И. Фартунин | ||
| 464 | |t Научно-исследовательская работа Всесоюзной книжной палаты в области издательского дела и отраслевой системы научно-технической информации |f И. М. Монастырский | ||
| 464 | |t Организация массового чтения: успехи и перспективы |f сост. Ю. М. Тугов | ||
| 464 | |t Историография советской книги |f Е. Л. Немировский | ||
| 464 | |t Основные тенденции развития книжного дела в СССР в послевоенный период |f И. Е. Баренбаум | ||
| 464 | |t Красноармейская книга в годы гражданской войны |f А. А. Сбитнева | ||
| 464 | |t Книгоиздательское дело комсомола (1921-1923 гг.) |f В. А. Андреев-Станкевич | ||
| 464 | |t Становление государственной системы книгоиздания на Дальнем Востоке |f Н. И. Кудинова, С. А. Пайчадзе, Т. И. Садохина | ||
| 464 | |t Издание литературы о передовом производственно-техническом опыте в годы первых пятилеток |f М. М. Гаккель | ||
| 464 | |t Указатель статей, опубликованных в 31-35 сборниках "Книга. исследования и материалы" | ||
| 464 | |t Книговедение. Указатель литературы за 1975 г. |f Л. И. Фурсенко | ||
| 606 | 1 | |a Книговедение |2 stltpush |3 (RuTPU)RU\TPU\subj\14571 |9 40942 | |
| 610 | 1 | |a СССР | |
| 610 | 1 | |a 20 век | |
| 610 | 1 | |a история книги | |
| 610 | 1 | |a книговедение | |
| 610 | 1 | |a книжное дело | |
| 610 | 1 | |a книгоиздание | |
| 610 | 1 | |a книгоиздательская деятельность | |
| 610 | 1 | |a Всесоюзная книжная палата | |
| 610 | 1 | |a историография | |
| 610 | 1 | |a Гражданская война 1918-1921 | |
| 610 | 1 | |a Дальний Восток | |
| 686 | |a Ч611 |v LBC/SL-A |2 rubbk | ||
| 801 | 1 | |a RU |b 63413507 |c 20071011 |g PSBO | |
| 801 | 2 | |a RU |b 63413507 |c 20221116 |g PSBO | |
| 942 | |c BK | ||